000
00304nam a2200121Ia 4500
008
190216s9999||||xx |||||||||||||| ||und||
100
_a
Melvin J Astle & Reid Shelton J
245
0
_a
Organic Chemistry
260
_b
Oxford University Press
_c
1959
300
_a
771p
650
_a
Chemistry
942
_c
BK
999
_c
1962
_d
1962